000 00284nam a22001337a 4500
008 170303b xxu||||| |||| 00| 0 eng d
020 _a684139707
041 _aeng
080 _a515.073
100 _a6
101 _aSHM
245 _aTHEPHAROHS RAYING
_cHARRIS.J.E
942 _2udc
_cBK
999 _c6655
_d6655